000 00564nam a2200205Ia 4500
005 20260429112144.0
008 260429s9999||||xx |||||||||||||| ||und||
020 _a9781529616446
041 _aEnglish
082 _a150.72
_bSMI
100 _aSmith, Jonathan A.
245 0 _aQualitative psychology :
_ba practical guide to research methods /
_cJonathan A. Smith
250 _a4th ed.
260 _aLondon :
_bSage ,
_c2024.
300 _axii, 307 p.; pbk
650 _a Qualitative
650 _a Research methods
650 _aPsychology
942 _cTB
999 _c52638
_d52638